| 000 | 00459nam a2200181Ia 4500 | ||
|---|---|---|---|
| 008 | 240510s9999 xx 000 0 und d | ||
| 041 | _aEng | ||
| 082 | _a005.26 | ||
| 082 | _bNS | ||
| 245 | 0 | _aS - BASIC : a language facility for CP/M and its derivatives | |
| 250 | _a3rd ed. | ||
| 260 | _bSolava Beach, CA : Kaypco | ||
| 260 | _c1983 | ||
| 300 | _a174 p. | ||
| 650 | _aProgramming languages : CP/M : microcomputers | ||
| 942 | _2ddc | ||
| 942 | _cLBK | ||
| 999 |
_c23368 _d23368 |
||
| 945 |
_a1 _bMadushi Gamage _c1 _dMadushi Gamage |
||